000 00631 a2200217 4500
005 20260424155944.0
008 260424b |||||||| |||| 00| 0 eng d
020 _a9789388334655
_cRs. 450.00
040 _aMAIN
082 _a340.076
_bB225B(7)
100 _aBangia, Lovedeep
245 _aBright's solved papers of all India bar examination solved papers
250 _a7th
260 _bThe Bright Law House
_c2025
_aNew Delhi
300 _a352
650 _aLaw- Examinations,Questions etc.
650 _aBar Examinations- India
650 _aLaw- Study and teaching- India
700 _aBangia, Gaurav
942 _cBK
999 _c396130
_d396130